000 00566nam a22001937a 4500
005 20180717105942.0
010 _aENG-123480
020 _a9788192251714
_c495.00
035 _aEN-107012
037 _bDBAD/PUB
082 _a539.7
100 _aSharma, Nitin
245 _aMystery of Atom /
_cby Nitin Sharma
260 _aNew Delhi
_bThe Book Line
_c2012
270 _a106, 4787/23, Ist Floor, Ansari Road, Daryaganj,
_bNew Delhi
_e110002
300 _a150p.
_c21cm(pbk)
500 _aIt includes glossary
942 _2ddc
_cEN
_mSHA
_h539.7
999 _c154135
_d154135